00565nam a2200169 a 4500007000300000008004100003040001200044041000800056044000700064082002300071110003200094245017600126260005000302300001900352650001700371852000700388ta200122t2006 ii ||||g |||| 00| 0 eng d aKObeng0 aeng aii04223a623.881bIn255 aIndian Register of Shipping10aClassification Notes :bGuidelines for Approval/ Acceptance of Alternative Means of Access to Spaces in Oil Tankers, Bulk Carriers, Ore Carriers and Combination Carriers / aMumbai :bIndian Register of Shipping,c2006. a12 p. ;c30 cm 0aShipbuilding aKO